| 000 | 00679cam a2200205 4500 | ||
|---|---|---|---|
| 001 | WB3541-33 | ||
| 008 | 000000n1999 000 0 eng u | ||
| 035 | _a(Sirsi) u100610 | ||
| 245 | _aRetailers set to gain relief | ||
| 260 | _c1999 | ||
| 490 |
_aRetail Week _v15 October 1999, 29(1) |
||
| 520 | _aRetailers will be offered some relief from the massive rate increases coming into force in April 2000. Smaller businesses will be offered a longer period of adjustment. | ||
| 590 | _aWB | ||
| 650 | _aRETAILERS | ||
| 650 | _aRATING REVALUATION | ||
| 650 | _aRATING REVALUATION 2000 | ||
| 650 | _aUNIFORM BUSINESS RATES | ||
| 690 | _aRATING AND VALUATION | ||
| 942 | _n0 | ||
| 999 |
_c60193 _d60193 |
||